<?xml version="1.0" encoding="utf-8"?>
<?xml-stylesheet type='text/xsl' href='./oai2.xsl'?>
<OAI-PMH xmlns="http://www.openarchives.org/OAI/2.0/" xmlns:xsi="http://www.w3.org/2001/XMLSchema-instance" xsi:schemaLocation="http://www.openarchives.org/OAI/2.0/ http://www.openarchives.org/OAI/2.0/OAI-PMH.xsd">
  <responseDate>2026-04-28T05:10:08Z</responseDate>
  <request verb="GetRecord" metadataPrefix="marcxml" identifier="record_kuniweb_593474">https://kulturerbe.niedersachsen.de/oai</request>
  <GetRecord>
    <record>
      <header>
        <identifier>record_kuniweb_593474</identifier>
        <datestamp>2026-03-31T19:09:18Z</datestamp>
        <setSpec>slg0160</setSpec>
      </header>
      <metadata>
        <marc:record xmlns:marc="http://www.loc.gov/MARC21/slim" xsi:schemaLocation="http://www.loc.gov/MARC21/slim http://www.loc.gov/standards/marcxml/schema/MARC21slim.xsd">
          <marc:leader>12345nrm  22     uu 4500</marc:leader>
          <marc:controlfield tag="001">593474</marc:controlfield>
          <marc:controlfield tag="003">http://kuniweb.gbv.de</marc:controlfield>
          <marc:controlfield tag="005">2017-11-10T11:28:29</marc:controlfield>
          <marc:controlfield tag="008">|           ||||||||||||||||||||||</marc:controlfield>
          <marc:datafield tag="245" ind1="1" ind2="0">
            <marc:subfield code="a">Laterna magica, Fa.  ED. LIESEGANG Düsseldorf, umgebaut zu Diaprojektor</marc:subfield>
          </marc:datafield>
          <marc:datafield tag="655" ind1=" " ind2="7">
            <marc:subfield code="a">Fotografie</marc:subfield>
          </marc:datafield>
          <marc:datafield tag="046" ind1=" " ind2=" ">
            <marc:subfield code="k">1900</marc:subfield>
            <marc:subfield code="k">1900 - 1920</marc:subfield>
            <marc:subfield code="l">1920</marc:subfield>
          </marc:datafield>
          <marc:datafield tag="260" ind1=" " ind2=" ">
            <marc:subfield code="g">1900</marc:subfield>
            <marc:subfield code="g">1920</marc:subfield>
            <marc:subfield code="g">1900 - 1920</marc:subfield>
          </marc:datafield>
          <marc:datafield tag="300" ind1=" " ind2=" ">
            <marc:subfield code="a">Länge: 48 cm
Breite: 14,5 cm
Höhe: 43 cm (inkl. Holzsockel)</marc:subfield>
          </marc:datafield>
          <marc:datafield tag="520" ind1=" " ind2=" ">
            <marc:subfield code="a">Laterna magica, ursprünglich vermutlich für offen brennendes Licht, sekundär mit starker Glühbirne ausgestattet, in einem rechteckigen, nach oben sich verjüngenden Blechgehäuse, Fb. schwarzgrau . Dieses ist oben offen, um die Wärme abzuleiten. Das Gehäuse hat hinten eine Klappe, um an die Beleuchtungseinrichtung zu gelangen. Auf den Korpusseiten  befinden sich runde farbige Gläser in Messingfassungen, Fb. dunkelblau, zur Lichtkontrolle. Die erste Linse ist fest mit dem Beleuchtungsgehäuse verbunden. Davor befindet sich ein Schlitz mit zwei Reibern zum Einschieben der Bildhalter. Die übrigen Linsen befinden sich in einer  mehrteiligen, feststehenden Röhrenkonstruktion. Die vorderste Linse ist durch eine Rändelschraube verschieblich angebracht, zur Brennweiteneinstellung. Die gesamte Konstruktion ist auf einen stabilen, niedrigen Holzsockel fest aufgeschraubt. Die elektrische Glühbirne mit Kabel ist mit einer Halterung auf einer nach hinten herausziehbaren Metallplatte angebracht, die durch Führungsschienen in Position gehalten wird. Die Metallplatte ist wiederum auf einer dünnen Holzplatte befestigt, etwas größer und mit abgeschrägten Rändern, zum Einpassen in die Führungsschienen. Für das Kabel (zweipolig) gibt es keinen vorgesehenen Auslass. Eingelegt in den Hohlraum unter der Glühbirne eine Abdeckung für die hintere Öffnung bei Betrieb aus Samt, Fb. schwarz.  Auf der Platte aufgeschraubt zwei weitere Herstellerbezeichnungen.
Zu dem Gerät gehören mehrere, teils selbst gebastelte Holzschieber für verschiedene Dia-Formate, außerdem vier Holzkisten, drei davon gefüllt mit Glasdiapositiven sowie zwei Ersatzglühbirnen. (Dr. Elke Heege)

Aufschrift:
ED. LIESEGANG Düsseldorf No. 34691 (Typenschild aus Blech, auf der Linsenfassung aufgeschraubt)

Aufdruck:
C.F.W. von OHLE Photo. Handlung Hannover, Theaterplatz (rechteckiges flaches Metallschild mit abgeschrägten Ecken, aufgeschraubt, schwarze Schrift auf hellem Grund in schwarzer Umrandung)

Stempel:
Ica AKT.-GES. DRESDEN (kräftig geprägtes Metallschild auf der Leuchtmittelhalterung aufgeschraubt)

Gebrauchsort:
Einbeck (Northeim, Niedersachsen)</marc:subfield>
          </marc:datafield>
          <marc:datafield tag="650" ind1="1" ind2=" ">
            <marc:subfield code="a">Spiel, Spielzeug &gt; Optisches Spielzeug &gt; Laterna magica</marc:subfield>
          </marc:datafield>
          <marc:datafield tag="773" ind1="0" ind2=" ">
            <marc:subfield code="t">Sammlung Brillen, optische Geräte und Fototechnik</marc:subfield>
          </marc:datafield>
          <marc:datafield tag="852" ind1=" " ind2=" ">
            <marc:subfield code="a">Stadtmuseum Einbeck</marc:subfield>
          </marc:datafield>
          <marc:datafield tag="852" ind1=" " ind2=" ">
            <marc:subfield code="a">Düsseldorf</marc:subfield>
          </marc:datafield>
          <marc:datafield tag="" ind1=" " ind2=" ">
            <marc:subfield code="a">Namensnennung - Weitergabe unter gleichen Bedingungen 4.0 International (CC BY-SA 4.0)</marc:subfield>
          </marc:datafield>
          <marc:datafield tag="" ind1=" " ind2=" ">
            <marc:subfield code="a">Namensnennung-Nicht kommerziell 4.0 International (CC BY-NC 4.0)</marc:subfield>
          </marc:datafield>
        </marc:record>
      </metadata>
    </record>
  </GetRecord>
</OAI-PMH>
